Studies in Gandhism: (Record no. 171534)

MARC details
000 -LEADER
fixed length control field 00522nam a22001817a 4500
005 - DATE AND TIME OF LATEST TRANSACTION
control field 20200115112120.0
010 ## - LCCN (DPL NO)
LC control number ENG-127423
020 ## - INTERNATIONAL STANDARD BOOK NUMBER
International Standard Book Number 9789381574843
Terms of availability 400.00
035 ## - SYSTEM CONTROL NUMBER
System control number EN-110955
037 ## - SOURCE OF ACQUISITION
Source of stock number/acquisition DBAD/PUB
082 ## - DEWEY DECIMAL CLASSIFICATION NUMBER
Classification number 301.153
100 ## - MAIN ENTRY--PERSONAL NAME
Personal name Bose,Nirmal Kumar
245 ## - TITLE STATEMENT
Title Studies in Gandhism:
Statement of responsibility, etc by Nirmal Kumar Bose
Remainder of title A selection/
260 ## - PUBLICATION, DISTRIBUTION, ETC. (IMPRINT)
Place of publication, distribution, etc Kolkata
Name of publisher, distributor, etc The Asiatic society
Date of publication, distribution, etc 2019
270 ## - ADDRESS
Address 1,Park street
City Kolkata
Postal code 700016
300 ## - PHYSICAL DESCRIPTION
Extent 240p.
Dimensions 22cm(hb)
942 ## - ADDED ENTRY ELEMENTS (KOHA)
Source of classification or shelving scheme Dewey Decimal Classification
Item type English Books
Classification part 301.153
Call number suffix BOS
Holdings
Withdrawn status Lost status Not for loan Collection code Home library Current library Date acquired Source of acquisition Cost, normal purchase price Full call number Barcode Copy number Cost, replacement price Koha item type
      Non-fiction Ashok Vihar Ashok Vihar 15/01/2020 DBAD/PUB 400.00 301.153 BOS EN-110955 1 400.00 English Books

© Delhi Public Library
Hit Counter
free hit counter